000
00254nam a22001097a 4500
082
_a
330.95491
100
_a
Government of Pakistan
245
_a
Economic Survey 1998-99
260
_a
Islamabad
_b
Finance Division
300
_a
[181][163]p
942
_c
BK
999
_c
3359
_d
3359